Michael Jackson - Choix Multiples - Statistiques

Statistiques générales
  • Ce quiz a été pris 431 fois
  • Le résultat moyen est 11 sur 15
Statistiques - réponses
Question Réponse % Correct
Quel pas de danse est devenu sa signature ? Moonwalk
99%
De quel style de musique, Michael Jackson est connu pour être "le Roi" ? Pop
99%
Quel était le nom du groupe au sein duquel il à commencé à chanter ? Jackson Five
97%
De quelle maladie souffrait-il a partir des années 1980, lui causant notamment un changement de couleur de la peau ? Vitiligo
95%
Lequel de ses albums solos est sorti en 1982, un succès interplanétaire ? Thriller
87%
Avec la fille de quel chanteur, Michael Jackson s'est-il marié la première fois ? Elvis Presley
84%
Quel chanson commence par " She was more like a beauty queen from a movie scene I said, "Don't mind, but what do you mean, I am the one" ? Billie Jean
83%
Dans quel état Michael Jackson est-il né ? Indiana
76%
Dans quelle ville américaine est-il décédé en juin 2009 ? Los Angeles
73%
Avec quel label, Michael Jackson a-t-il signé ses plus grands titres ? Epic Records
61%
Comment se nomme le jumeau de Marlon que Michael n'aura jamais connu ? Brandon
55%
Pour quelle chanson Michael Jackson fait un featuring avec Akon ? Hold My Hand
52%
Avec le T-Shirt de quel club de Ligue 1 Michael Jackson souhaite absolument poser pour Rock Superstar Magazine en 1980 ? OGC Nice
43%
Quels types d'objet provenant de Lladro, Michael Jackson collectionnaient-ils ? Porcelaine
29%
Quel surnom Michael donnait-il à sa sœur Janet avec qui il était très proche ? Dunk
18%
Aucun quiz correspondant
Distribution des résultats
% des personnes avec chaque résultat
Percentile par nombre de réponses
Votre historique - résultats
Vous n’avez pas pris ce quiz